Statistiques concernant Chimie - Nom des composés

Cliquez ici pour prendre le quiz!

Statistiques générales

  • Ce quiz a été pris 72 fois
  • Le résultat moyen est 4 sur 15

Statistiques - réponses

HintRéponse% Correct
H2SO4acide sulfurique
79%
KMnO4permanganate de potassium
74%
H2O2peroxyde d'hydrogène
53%
SiO2Silice
45%
Al2O3Alumine
42%
N2Oprotoxyde d'azote
24%
K2Cr2O7dichromate de potassium
21%
C10H15N (drogue)Méthamphétamine
20%
NaClOhypochlorite de sodium
11%
HClO4acide perchlorique
8%
CH4N2OUrée
6%
HClO2acide chloreux
5%
C3H7NO2 (acide aminé)Alanine
5%
N2H4Hydrazine
3%
C2H2acétylène
2%

Distribution des résultats

Percentile par nombre de réponses

% des personnes avec chaque résultat

Votre développement - résultats

Vous n’avez pas pris ce quiz